000 00510nam a2200217Ia 4500
003 OSt
005 20221005120357.0
006 a|||||r|||| 00| 0
007 ta
008 221004b |||||||| |||| 00| 0 eng d
024 _a120787
037 _cTextual
040 _aCRL
_cCRL
_beng
041 _2eng
_aeng
100 _aBaile Hamilton
_9629079
245 0 _aDye's surgical handicraft
260 _c1950
650 _aPHYSIOLOGY
942 _cTEXL
_2cc
999 _c1037796
_d1037796